| 000 | 00516nam a2200181Ia 4500 | ||
|---|---|---|---|
| 005 | 20250326141133.0 | ||
| 008 | 250326s9999 xx 000 0 und d | ||
| 037 | _aTextbook | ||
| 040 |
_aFMSL _beng _cFMSL |
||
| 041 |
_aeng _2eng |
||
| 084 |
_aX:81 N7 _qFMSL |
||
| 100 |
_aSteiner G.a. _9297989 |
||
| 245 | 0 |
_aStrategic Planning:What every manager must know. _cSteiner G.a. |
|
| 260 |
_aNew York _bNew York, Frce Press. _c1997 |
||
| 300 | _a352p | ||
| 942 |
_cTB _hX:81 N7 |
||
| 999 |
_c1288867 _d1288867 |
||